A frowsy venus: (Record no. 30554)

MARC details
000 -LEADER
fixed length control field 00745nam a2200217 4500
005 - DATE AND TIME OF LATEST TRANSACTION
control field 20090922134045.0
008 - FIXED-LENGTH DATA ELEMENTS--GENERAL INFORMATION
fixed length control field 700624s1969 ii b 000 0 eng
010 ## - LCCN (DPL NO)
LC control number B-358123
020 ## - INTERNATIONAL STANDARD BOOK NUMBER
Terms of availability 200.00
035 ## - SYSTEM CONTROL NUMBER
System control number B-358123
037 ## - SOURCE OF ACQUISITION
Source of stock number/acquisition DBAD / PUB
040 ## - CATALOGING SOURCE
Original cataloging agency dpl
Language of cataloging English
082 ## - DEWEY DECIMAL CLASSIFICATION NUMBER
Classification number N
100 ## - MAIN ENTRY--PERSONAL NAME
Personal name Rahi, Onkar
245 ## - TITLE STATEMENT
Title A frowsy venus:
Statement of responsibility, etc by Onkar Rahi
Remainder of title (la belle amie) /
260 ## - PUBLICATION, DISTRIBUTION, ETC. (IMPRINT)
Place of publication, distribution, etc Delhi
Name of publisher, distributor, etc Surinder Kumar & Sons
Date of publication, distribution, etc 2006
270 ## - ADDRESS
Address 30/21A-22A, Gali No. 9, Vishwas Nagar, Shahdara
City Delhi
Postal code 110032
300 ## - PHYSICAL DESCRIPTION
Extent 192p.
Dimensions 22cm(Hb)
942 ## - ADDED ENTRY ELEMENTS (KOHA)
Source of classification or shelving scheme Dewey Decimal Classification
Item type Children Books
Classification part N
Call number suffix RAH
Holdings
Withdrawn status Lost status Source of classification or shelving scheme Damaged status Not for loan Collection code Home library Current library Date acquired Source of acquisition Cost, normal purchase price Total Checkouts Full call number Barcode Date last seen Copy number Cost, replacement price Koha item type
Withdrawn   Dewey Decimal Classification     Fiction Janak Puri Janak Puri 22/09/2009 DBAD / PUB 200.00 5 N RAH B-358123 28/06/2018 1 200.00 Children Books

© Delhi Public Library
Hit Counter
free hit counter